000 01088nas a2200373 4500
001 BR0400020
003 BR-BrBNA
005 20231205104236.0
007 ta
008 230509b bl.|||p| |||| 00| 00por d
040 _aBR-BrBNA
_bpor
_cBiblioteca Nacional de Agricultura
041 _a(Pt)
072 _aL72
100 1 _aMarchiori, C.H.
100 1 _aPereira, L.A.
100 1 _aS. Filho, O.M.
100 1 _aRibeiro, L.C.S.
100 1 _aBorges, V.R.
100 1 _aArantes, S.B.
245 1 _aMicrohimenópteros parasitóides de dípteros muscóides coletados em diferentes substratos em área de mata em Itumbiara, Goiás
650 _aMOSCA
650 _aDIPTERA
650 _aFEZES
650 _aVÍSCERA
650 _aFRANGO
650 _aPEIXE
650 _aRIM
650 _aBOVINO
650 _aCONTROLE BIOLÓGICO
650 _aGOIÁS
773 0 _tArquivo Brasileiro de Medicina Veterinária e Zootecnia (Brazil)
_xISSN 0102-0935
_g(Aug-2003), v. 55(4) p. 510-513
_wBR0400020
909 _a202311
_bLúcia
_c55
_dLúcia Elande
942 _2AGRIS
_n0
_cANA
999 _c177119
_d177119